[Event "Titled Tuesday intern op 01st Apr Early"]
[Site "Chess.com INT"]
[Date "2025.04.01"]
[Round "1"]
[White "Harikrishna, Pentala"]
[Black "Mitev, Valentin"]
[Result "1-0"]
[WhiteElo "2704"]
[BlackElo "2290"]
[PlyCount "53"]
[EventDate "2025.04.01"]
[EventType "swiss (blitz)"]
[EventRounds "11"]
[EventCountry "USA"]
[SourceTitle "CB15_2025"]
[SourceDate "2025.04.09"]
[SourceVersion "1"]
[SourceVersionDate "2025.04.09"]
[SourceQuality "1"]

1. Nf3 d5 2. d4 Nf6 3. c3 Bf5 4. Qb3 Qc8 5. c4 dxc4 6. Qxc4 e6 7. Nc3 Nbd7 8. Bf4 c6 9. e3 Nb6 10. Qb3 Nfd5 11. Bg3 Bb4 12. Be2 a5 13. a4 0-0 14. 0-0 Bg6 15. Ne5 Nd7 16. Nxg6 hxg6 17. e4 N5f6 18. e5 Bxc3 19. bxc3 Nd5 20. Rab1 Rb8 21. h4 b5 22. axb5 cxb5 23. Rfc1 a4 24. Qa3 Qc6 25. c4 b4 26. cxd5 bxa3 27. dxc6 1-0

[Event "Titled Tuesday intern op 11th Mar Late"]
[Site "Chess.com INT"]
[Date "2025.03.11"]
[Round "9"]
[White "Mitev, Valentin"]
[Black "Ocampos, Ian Guido"]
[Result "1-0"]
[WhiteElo "2290"]
[BlackElo "2219"]
[PlyCount "59"]
[EventDate "2025.03.11"]
[EventType "swiss (blitz)"]
[EventRounds "11"]
[EventCountry "USA"]
[SourceTitle "CB12_2025"]
[SourceDate "2025.03.19"]
[SourceVersion "1"]
[SourceVersionDate "2025.03.19"]
[SourceQuality "1"]

1. Nf3 Nf6 2. c4 g6 3. Nc3 Bg7 4. e4 0-0 5. d4 a5 6. Be2 a4 7. e5 Ne8 8. Nxa4 d6 9. Nc3 c5 10. dxc5 Qa5 11. cxd6 exd6 12. Bd2 dxe5 13. Nd5 Qd8 14. Bb4 Nd6 15. Ne3 Ra6 16. c5 Ne4 17. Qxd8 Rxd8 18. Bxa6 Nxa6 19. Ba5 Re8 20. 0-0 Naxc5 21. Rfd1 f5 22. Rac1 Bh6 23. Nxe5 Rxe5 24. Rd8+ Kf7 25. Rxc8 Nxf2 26. Nc4 Re8 27. Nd6+ Ke6 28. Rxe8+ Kxd6 29. Rxc5 Kxc5 30. Kxf2 1-0

[Event "Titled Tuesday intern op 11th Feb Early"]
[Site "Chess.com INT"]
[Date "2025.02.11"]
[Round "6"]
[White "Blomqvist, Erik"]
[Black "Mitev, Valentin"]
[Result "0-1"]
[WhiteElo "2460"]
[BlackElo "2290"]
[PlyCount "102"]
[EventDate "2025.02.11"]
[EventType "swiss (blitz)"]
[EventRounds "11"]
[EventCountry "USA"]
[SourceTitle "CB08_2025"]
[SourceDate "2025.02.19"]
[SourceVersion "1"]
[SourceVersionDate "2025.02.19"]
[SourceQuality "1"]

1. e4 c5 2. Nf3 d6 3. Bb5+ Bd7 4. Bxd7+ Qxd7 5. 0-0 g6 6. c3 Bg7 7. d4 Qc7 8. Re1 Nd7 9. d5 c4 10. Be3 Ngf6 11. Bd4 0-0 12. Nbd2 b5 13. h3 Nc5 14. Re2 Rfe8 15. b3 e6 16. bxc4 bxc4 17. dxe6 Rxe6 18. Qc2 Rae8 19. Re3 Ncxe4 20. Nxe4 Nxe4 21. Qa4 d5 22. Bxg7 Kxg7 23. Nd4 R6e7 24. Qa3 Qf4 25. Rf3 Qd2 26. Rf1 Ng5 27. Rg3 Re1 28. Rxe1 Rxe1+ 29. Kh2 Qxf2 30. Rxg5 Qf4+ 31. Rg3 Re3 32. Nf5+ Qxf5 33. Rxe3 Qf4+ 34. Rg3 h5 35. h4 Qxh4+ 36. Rh3 Qf4+ 37. Kg1 h4 38. Qxa7 Qc1+ 39. Kf2 Qd2+ 40. Kf3 Qxc3+ 41. Qe3 Qf6+ 42. Kg4 d4 43. Qf4 Qe6+ 44. Kxh4 d3 45. Kg3 Qd5 46. Qh6+ Kf6 47. Qh8+ Ke7 48. Qh4+ g5 49. Qh8 d2 50. Kh2 Qd6+ 51. Rg3 d1Q 0-1

[Event "Titled Tuesday intern op 11th Feb Early"]
[Site "Chess.com INT"]
[Date "2025.02.11"]
[Round "11"]
[White "Mitev, Valentin"]
[Black "Bluebaum, Matthias"]
[Result "0-1"]
[WhiteElo "2290"]
[BlackElo "2643"]
[PlyCount "66"]
[EventDate "2025.02.11"]
[EventType "swiss (blitz)"]
[EventRounds "11"]
[EventCountry "USA"]
[SourceTitle "CB09_2025"]
[SourceDate "2025.02.27"]
[SourceVersion "1"]
[SourceVersionDate "2025.02.27"]
[SourceQuality "1"]

1. d4 d5 2. Nf3 e6 3. e3 Nf6 4. b3 c5 5. Bb2 Nc6 6. Nbd2 b6 7. Bd3 Bb7 8. 0-0 Bd6 9. Ne5 0-0 10. f4 Rc8 11. c3 Ne7 12. Qe2 Ne4 13. Nxe4 dxe4 14. Ba6 Bxa6 15. Qxa6 Bxe5 16. fxe5 Nd5 17. Qe2 Qg5 18. Rae1 cxd4 19. exd4 Nxc3 20. Bxc3 Rxc3 21. Qxe4 h6 22. d5 exd5 23. Qxd5 Rc2 24. Qe4 Rfc8 25. e6 fxe6 26. Qxe6+ Kh8 27. Qe4 Rxa2 28. Rf5 Rxg2+ 29. Kh1 Qg6 30. Ref1 Rcc2 31. Rf8+ Kh7 32. Qxg6+ Kxg6 33. Ra8 Rxh2+ 0-1

[Event "Titled Tuesday intern op 11th Feb Early"]
[Site "Chess.com INT"]
[Date "2025.02.11"]
[Round "8"]
[White "Mitev, Valentin"]
[Black "Chen, Ryo"]
[Result "1-0"]
[WhiteElo "2290"]
[BlackElo "2395"]
[PlyCount "63"]
[EventDate "2025.02.11"]
[EventType "swiss (blitz)"]
[EventRounds "11"]
[EventCountry "USA"]
[SourceTitle "CB09_2025"]
[SourceDate "2025.02.27"]
[SourceVersion "1"]
[SourceVersionDate "2025.02.27"]
[SourceQuality "1"]

1. d4 Nf6 2. Bg5 d5 3. Nf3 c5 4. e3 Qb6 5. Qc1 Ne4 6. Bf4 Nc6 7. c3 Bg4 8. Nbd2 Rc8 9. dxc5 Nxc5 10. Be2 f6 11. h3 Bh5 12. Bh2 e5 13. 0-0 Be7 14. c4 e4 15. Nd4 Bxe2 16. Nxe2 Nd3 17. Qc3 Bb4 18. Qc2 Bxd2 19. cxd5 Bxe3 20. fxe3 Qxe3+ 21. Kh1 Ne7 22. Qa4+ Kf7 23. Nf4 Nf2+ 24. Rxf2 Qxf2 25. d6 Rhd8 26. Qb3+ Ke8 27. Qe6 Rd7 28. dxe7 Qc2 29. Nd5 Rxd5 30. Qxd5 e3 31. Rd1 Qc7 32. Bxc7 1-0

[Event "Titled Tuesday intern op 11th Feb Early"]
[Site "Chess.com INT"]
[Date "2025.02.11"]
[Round "5"]
[White "Mitev, Valentin"]
[Black "Grot, Blazej"]
[Result "1-0"]
[WhiteElo "2290"]
[BlackElo "2190"]
[PlyCount "129"]
[EventDate "2025.02.11"]
[EventType "swiss (blitz)"]
[EventRounds "11"]
[EventCountry "USA"]
[SourceTitle "CB08_2025"]
[SourceDate "2025.02.19"]
[SourceVersion "1"]
[SourceVersionDate "2025.02.19"]
[SourceQuality "1"]

1. d4 Nf6 2. g3 d6 3. Bg2 g6 4. Nf3 Bg7 5. 0-0 0-0 6. b3 Bf5 7. Bb2 Qc8 8. Nbd2 Bh3 9. e4 Bxg2 10. Kxg2 Nbd7 11. e5 Ne8 12. Qe2 e6 13. c4 c5 14. Ne4 cxd4 15. exd6 e5 16. c5 Nxc5 17. Rac1 b6 18. b4 f5 19. bxc5 fxe4 20. Qxe4 Nf6 21. Qxe5 Qb7 22. c6 Qf7 23. Bxd4 Nh5 24. Ng5 Bxe5 25. Nxf7 Bxd4 26. Rfd1 Bb2 27. Rc2 Kxf7 28. Rxb2 Ng7 29. c7 Ne6 30. Re2 Rac8 31. Rde1 Nxc7 32. Re7+ Kf6 33. dxc7 Rf7 34. R1e6+ Kg7 35. h4 Rxc7 36. Rxc7 Rxc7 37. g4 Kf7 38. Re4 Rc2 39. a4 a5 40. Kg3 Rb2 41. g5 Rb4 42. Re3 Rxa4 43. f4 Rb4 44. Rc3 a4 45. Rc7+ Ke6 46. Rxh7 a3 47. Ra7 Rb3+ 48. Kg4 b5 49. Ra6+ Kd5 50. h5 gxh5+ 51. Kxh5 b4 52. g6 Rh3+ 53. Kg4 Rh1 54. Kf5 Kc4 55. g7 Rg1 56. Rg6 Rxg6 57. Kxg6 Kc3 58. g8Q Kb2 59. Qg7+ Kb1 60. Qb7 a2 61. Qxb4+ Ka1 62. Qa3 Kb1 63. f5 a1R 64. Qxa1+ Kxa1 65. f6 1-0

[Event "Sant Boi de Llobregat op 5th"]
[Site "Sant Boi de Llobregat"]
[Date "2024.12.02"]
[Round "4"]
[White "Mitev, Valentin"]
[Black "Levin, Guy"]
[Result "1/2-1/2"]
[WhiteElo "2274"]
[BlackElo "2445"]
[PlyCount "164"]
[EventDate "2024.11.29"]
[EventType "swiss"]
[EventRounds "10"]
[EventCountry "ESP"]
[SourceTitle "CB50_2024"]
[SourceDate "2024.11.01"]
[SourceVersion "1"]
[SourceVersionDate "2024.11.01"]
[SourceQuality "2"]

1. d4 d5 2. Nf3 Nf6 3. c4 dxc4 4. e3 e6 5. Bxc4 a6 6. 0-0 Nbd7 7. Be2 b6 8. b3 Bb7 9. Bb2 Be7 10. Nbd2 0-0 11. Nc4 c5 12. dxc5 Bxc5 13. Bd4 Bd5 14. Bxc5 Nxc5 15. Qd4 Rc8 16. Rac1 b5 17. Nce5 Qe7 18. Qb4 Rc7 19. Nd4 Rfc8 20. a4 bxa4 21. bxa4 Bxg2 22. Kxg2 Nd5 23. Qb1 Qg5+ 24. Ng4 h5 25. h4 Qe7 26. Nh2 Qxh4 27. a5 Qd8 28. Kh1 Rb8 29. Qa2 Nb4 30. Qc4 Rcc8 31. Rcd1 Qxa5 32. Bxh5 Kf8 33. Qe2 Ne4 34. Qf3 Nf6 35. Bg4 Ke7 36. Rb1 Qe5 37. Bh3 Ne4 38. Qg2 Nd3 39. Rxb8 Ndxf2+ 40. Rxf2 Nxf2+ 41. Qxf2 Rc1+ 42. Kg2 Qxb8 43. Qh4+ Kd7 44. Nhf3 Qb2+ 45. Kg3 Qb8+ 46. Kf2 Rc5 47. Qe4 Qd6 48. Qa8 Rc8 49. Qe4 Rc5 50. Bf1 g5 51. Qb7+ Ke8 52. Nd2 Kf8 53. Ne4 Qh2+ 54. Bg2 Rc1 55. Qb4+ Kg8 56. Nf3 Rc2+ 57. Ned2 Qc7 58. Bf1 a5 59. Qg4 Qd8 60. Be2 Rxd2 61. Nxd2 Qxd2 62. Qxg5+ Kf8 63. Qf6 Qd5 64. Qd4 Qxd4 65. exd4 Ke7 66. Ke3 Kd6 67. Bc4 e5 68. d5 f5 69. Ba2 a4 70. Kd3 Kc5 71. Ke3 Kd6 72. Kf3 Kc5 73. Kg3 Kd6 74. Kf3 Kc5 75. Kf2 Kd6 76. Kg3 Kc5 77. Kh4 e4 78. Kg3 e3 79. Kf3 f4 80. Ke2 Kd6 81. Kf3 Kc5 82. Ke2 Kd6 1/2-1/2

[Event "European Corporate"]
[Site "Asnieres sur Seine"]
[Date "2024.11.22"]
[Round "1.7"]
[White "Geujon, Jean Charles"]
[Black "Mitev, Valentin"]
[Result "0-1"]
[WhiteElo "1877"]
[BlackElo "2274"]
[PlyCount "44"]
[EventDate "2024.11.22"]
[EventType "team-swiss"]
[EventRounds "9"]
[EventCountry "FRA"]
[SourceTitle "CB48_2024"]
[SourceDate "2024.11.28"]
[SourceVersion "1"]
[SourceVersionDate "2024.11.28"]
[SourceQuality "1"]
[WhiteTeam "ATSCAF Nord"]
[BlackTeam "Agrofert"]
[WhiteTeamCountry "FRA"]
[BlackTeamCountry "BUL"]

1. e4 c5 2. Nf3 d6 3. d4 cxd4 4. Nxd4 Nf6 5. Nc3 Nc6 6. Bc4 e6 7. Be3 a6 8. a4 Qc7 9. 0-0 Be7 10. Re1 0-0 11. f3 Ne5 12. Bb3 Nc4 13. Bxc4 Qxc4 14. Qd2 Bd7 15. Rad1 Rfc8 16. Qf2 b5 17. axb5 axb5 18. Qe2 b4 19. Qxc4 Rc7 20. Qc5 Rxc5 21. Nce2 Rc4 22. Nf5 e5 0-1

[Event "European Corporate"]
[Site "Asnieres sur Seine"]
[Date "2024.11.22"]
[Round "2.3"]
[White "Mitev, Valentin"]
[Black "Gromek, Tomasz"]
[Result "1-0"]
[WhiteElo "2274"]
[BlackElo "2175"]
[PlyCount "107"]
[EventDate "2024.11.22"]
[EventType "team-swiss"]
[EventRounds "9"]
[EventCountry "FRA"]
[SourceTitle "CB48_2024"]
[SourceDate "2024.11.28"]
[SourceVersion "1"]
[SourceVersionDate "2024.11.28"]
[SourceQuality "1"]
[WhiteTeam "Agrofert"]
[BlackTeam "Probit"]
[WhiteTeamCountry "BUL"]
[BlackTeamCountry "POL"]

1. d4 d6 2. e4 g6 3. Nc3 Bg7 4. h4 Nf6 5. Be3 Nc6 6. f3 e5 7. dxe5 Nxe5 8. Qd2 Be6 9. 0-0-0 h5 10. Kb1 Qe7 11. Nh3 0-0 12. Bg5 Nc4 13. Bxc4 Bxc4 14. Qd4 b5 15. Nf4 Qe5 16. Qxe5 dxe5 17. Bxf6 Bxf6 18. Nfd5 Bd8 19. Ne3 Be6 20. Nxb5 a6 21. Nc3 Rb8 22. g4 hxg4 23. fxg4 Kg7 24. Rdg1 c6 25. Rg3 Rh8 26. g5 Bb6 27. Ng4 Bd4 28. Nd1 Bxg4 29. Rxg4 Rbd8 30. Rg2 Bc5 31. c3 Rd7 32. b4 Be7 33. Nb2 Rhd8 34. Kc2 c5 35. bxc5 Bxc5 36. Nc4 Bd6 37. Rd1 Bc7 38. Rxd7 Rxd7 39. Ne3 Bb6 40. Nd5 Bc5 41. a4 Rb7 42. Nf6 Ba3 43. Kd3 Be7 44. Nd5 Bd6 45. Rc2 Rb3 46. Ra2 Rb1 47. Rh2 Ra1 48. Nb6 Bc5 49. Nc4 Rd1+ 50. Kc2 Re1 51. Nxe5 Rxe4 52. Nd3 Bd6 53. Rd2 Rxa4 54. Nb2 1-0

[Event "Bayern-chI Bank Hofmann 27th"]
[Site "Gmund am Tegernsee"]
[Date "2024.11.03"]
[Round "9"]
[White "Schneider, Ilja"]
[Black "Mitev, Valentin"]
[Result "1/2-1/2"]
[WhiteElo "2449"]
[BlackElo "2274"]
[PlyCount "111"]
[EventDate "2024.10.26"]
[EventType "swiss"]
[EventRounds "9"]
[EventCountry "GER"]
[SourceTitle "CB45_2024"]
[Source "ChessBase"]
[SourceDate "2024.11.06"]
[SourceVersion "1"]
[SourceVersionDate "2024.11.06"]
[SourceQuality "1"]

1. e4 e5 2. Nf3 Nf6 3. d4 Nxe4 4. Bd3 d5 5. Nxe5 Nd7 6. Nxd7 Bxd7 7. 0-0 Bd6 8. Nc3 Nxc3 9. bxc3 0-0 10. Qh5 f5 11. Re1 c6 12. Bg5 Qc7 13. Re3 Be8 14. Qh4 h6 15. Be7 g5 16. Bxd6 Qxd6 17. Qh3 Bd7 18. Rae1 b5 19. Re7 Rf6 20. f4 gxf4 21. R1e5 Raf8 22. Qh4 R8f7 23. Rxf7 Rxf7 24. Qxf4 Qf6 25. Re3 Rg7 26. Rf3 Qg5 27. Qxg5 Rxg5 28. h4 Rg4 29. Bxf5 Bxf5 30. Rxf5 b4 31. Rf6 bxc3 32. Rxh6 Rxd4 33. Rxc6 Rxh4 34. Rxc3 Ra4 35. a3 d4 36. Rb3 a5 37. Kf2 Rc4 38. Rb2 Rc3 39. a4 Kf7 40. Ke2 Ke6 41. Kd2 Rg3 42. Rb5 Rxg2+ 43. Kd3 Rg3+ 44. Kxd4 Rg4+ 45. Kc5 Rxa4 46. c4 Kd7 47. Rb7+ Kc8 48. Rh7 Rb4 49. Rh6 Kc7 50. Kd5 a4 51. Rh7+ Kc8 52. c5 Rg4 53. Ra7 Kb8 54. Ra5 Kc7 55. Ra7+ Kb8 56. Ra5 1/2-1/2

[Event "Bayern-chI Bank Hofmann 27th"]
[Site "Gmund am Tegernsee"]
[Date "2024.11.02"]
[Round "8"]
[White "Mitev, Valentin"]
[Black "Frischmann, Rick"]
[Result "1/2-1/2"]
[WhiteElo "2274"]
[BlackElo "2355"]
[PlyCount "190"]
[EventDate "2024.10.26"]
[EventType "swiss"]
[EventRounds "9"]
[EventCountry "GER"]
[SourceTitle "CB45_2024"]
[Source "ChessBase"]
[SourceDate "2024.11.06"]
[SourceVersion "1"]
[SourceVersionDate "2024.11.06"]
[SourceQuality "1"]

1. d4 Nf6 2. Nf3 c5 3. d5 b5 4. c4 g6 5. Nbd2 Bg7 6. e4 0-0 7. Be2 bxc4 8. Qc2 e6 9. 0-0 exd5 10. exd5 Nxd5 11. Qxc4 Bb7 12. Qxc5 Nf4 13. Bc4 Qf6 14. Re1 d5 15. Bf1 Ne6 16. Qb4 Ba6 17. Qa5 Bxf1 18. Nxf1 Qd8 19. Qa4 Nd7 20. Ne3 Nb6 21. Qd1 h5 22. Nc2 d4 23. Nb4 Rc8 24. Nd3 Qd5 25. b3 Rfd8 26. Nfe5 Nd7 27. Nxd7 Rxd7 28. Ba3 Rc3 29. Qd2 Qf5 30. Red1 Rdc7 31. Rac1 Kh7 32. Qe2 Bh6 33. Ra1 Nf4 34. Nxf4 Qxf4 35. g3 Qf6 36. Rd3 Rc2 37. Qf3 Qxf3 38. Rxf3 Rd2 39. Bb4 Re2 40. Kf1 Rec2 41. Rd3 Rb7 42. Bd6 Rb5 43. Rf3 Rd5 44. Bb8 Rd7 45. Rd3 Bg7 46. Bf4 Rd5 47. Rd2 d3 48. Rad1 Rc3 49. h4 f6 50. Be3 a6 51. f4 Kg8 52. Kf2 Kf7 53. Bb6 Rc6 54. Be3 Rcd6 55. Rc1 Ke6 56. Rc7 Rd7 57. Rc6+ R5d6 58. Rxd6+ Rxd6 59. Bc5 Rd5 60. b4 Bh6 61. Kf3 Kf5 62. a4 g5 63. fxg5 fxg5 64. hxg5 Bxg5 65. Be3 Be7 66. Rb2 Bf6 67. Rb1 d2 68. Ke2 Bc3 69. b5 axb5 70. axb5 Ke4 71. Bf2 d1Q+ 72. Rxd1 Rxb5 73. Kf1 Rb2 74. Kg2 Be5 75. Rh1 Kf5 76. Rxh5+ Kf6 77. Rh4 Rc2 78. Re4 Kf5 79. Ra4 Kg6 80. Kf3 Bf6 81. Be3 Rc3 82. Ke4 Rb3 83. g4 Rb5 84. Ra6 Rb4+ 85. Kf3 Kg7 86. Bd2 Rb5 87. Rc6 Kf7 88. Ke4 Re5+ 89. Kf3 Rb5 90. Be3 Kg7 91. Rc4 Kf7 92. Ke4 Re5+ 93. Kf4 Rb5 94. Rc6 Bg5+ 95. Ke4 Bxe3 1/2-1/2

[Event "Bayern-chI Bank Hofmann 27th"]
[Site "Gmund am Tegernsee"]
[Date "2024.11.01"]
[Round "7"]
[White "Delitzsch, Juergen"]
[Black "Mitev, Valentin"]
[Result "0-1"]
[WhiteElo "2147"]
[BlackElo "2274"]
[PlyCount "72"]
[EventDate "2024.10.26"]
[EventType "swiss"]
[EventRounds "9"]
[EventCountry "GER"]
[SourceTitle "CB45_2024"]
[Source "ChessBase"]
[SourceDate "2024.11.06"]
[SourceVersion "1"]
[SourceVersionDate "2024.11.06"]
[SourceQuality "1"]

1. e4 g6 2. d4 Bg7 3. Nc3 d6 4. f4 a6 5. Nf3 b5 6. Bd3 Nd7 7. a4 b4 8. Ne2 c5 9. c3 bxc3 10. bxc3 cxd4 11. cxd4 Nc5 12. Bc2 a5 13. Rb1 Na6 14. Bd3 Nb4 15. Bb5+ Bd7 16. Bxd7+ Qxd7 17. 0-0 Nf6 18. Ng3 0-0 19. f5 Rfc8 20. Bd2 Nc2 21. Kh1 Qxa4 22. Rb7 Qc6 23. Rxe7 Kf8 24. e5 Kxe7 25. Bg5 Kd7 26. exf6 Bf8 27. fxg6 hxg6 28. Qd2 a4 29. d5 Qc4 30. Ne1 a3 31. Nxc2 Qxc2 32. Qb4 Qa4 33. Qb1 a2 34. Qa1 Qc2 35. Qd4 Qc4 36. Qa1 Qc3 0-1

[Event "Bayern-chI Bank Hofmann 27th"]
[Site "Gmund am Tegernsee"]
[Date "2024.10.31"]
[Round "6"]
[White "Mitev, Valentin"]
[Black "Tan, Yi Rui Ray"]
[Result "1-0"]
[WhiteElo "2274"]
[BlackElo "1951"]
[PlyCount "91"]
[EventDate "2024.10.26"]
[EventType "swiss"]
[EventRounds "9"]
[EventCountry "GER"]
[SourceTitle "CB45_2024"]
[Source "ChessBase"]
[SourceDate "2024.11.06"]
[SourceVersion "1"]
[SourceVersionDate "2024.11.06"]
[SourceQuality "1"]

1. d4 Nf6 2. Nf3 e6 3. e3 c5 4. Bd3 d5 5. b3 cxd4 6. exd4 Nc6 7. 0-0 Bd6 8. Bb2 0-0 9. Re1 b6 10. Ne5 Ne7 11. f4 Ng6 12. Qf3 Bb7 13. Nd2 Rc8 14. a3 Rc7 15. g4 Re8 16. c3 Qa8 17. g5 Nd7 18. Bb5 Bxe5 19. fxe5 Bc6 20. Bd3 Qd8 21. Qg4 Ndf8 22. a4 f5 23. Qg3 a5 24. Ba3 Bb7 25. Bb5 Nd7 26. Bd6 Rc8 27. Rac1 Bc6 28. Ba6 Ra8 29. Bf1 Rc8 30. Rc2 Nh8 31. Nf3 g6 32. h4 Nf7 33. Ba3 Qc7 34. h5 Kg7 35. Rh2 Qb7 36. Qh4 Rh8 37. Be7 Rce8 38. Bf6+ Nxf6 39. gxf6+ Kg8 40. hxg6 hxg6 41. Qg3 Kf8 42. Rxh8+ Nxh8 43. Qh4 Kg8 44. Ng5 Qd7 45. Re3 Rc8 46. Rh3 1-0

[Event "Brasov op"]
[Site "Brasov"]
[Date "2024.07.21"]
[Round "9"]
[White "Mitev, Valentin"]
[Black "Ignat, Matei Marius"]
[Result "1-0"]
[WhiteElo "2261"]
[BlackElo "2099"]
[PlyCount "79"]
[EventDate "2024.07.15"]
[EventType "swiss"]
[EventRounds "9"]
[EventCountry "ROU"]
[SourceTitle "CBM 221 Extra"]
[Source "ChessBase"]
[SourceDate "2024.09.30"]
[SourceVersion "1"]
[SourceVersionDate "2024.09.30"]
[SourceQuality "1"]

1. Nf3 Nf6 2. c4 e6 3. Nc3 c5 4. e3 Be7 5. d4 cxd4 6. exd4 d5 7. cxd5 Nxd5 8. Ne5 Nc6 9. Bb5 Bd7 10. Nxd7 Qxd7 11. 0-0 0-0 12. Be3 Rfd8 13. Qd2 a6 14. Be2 Rac8 15. Ne4 Nf6 16. Bf3 Nxd4 17. Qxd4 Qxd4 18. Bxd4 Rxd4 19. Nxf6+ Bxf6 20. Bxb7 Rc2 21. Bxa6 Rxb2 22. a4 Rdd2 23. Rad1 Bd4 24. Rxd2 Rxd2 25. g4 g6 26. Kg2 Kg7 27. h3 f5 28. Bc4 e5 29. gxf5 gxf5 30. a5 e4 31. a6 Kf6 32. Kh1 Bxf2 33. Rxf2 Rd1+ 34. Rf1 Rd7 35. Ra1 Ra7 36. Rb1 Ke5 37. Rb7 Ra8 38. a7 Kd4 39. Ba2 h6 40. Rd7+ 1-0

[Event "Brasov op"]
[Site "Brasov"]
[Date "2024.07.16"]
[Round "3"]
[White "Mitev, Valentin"]
[Black "Nandrean, Dan"]
[Result "1-0"]
[WhiteElo "2261"]
[BlackElo "1981"]
[PlyCount "77"]
[EventDate "2024.07.15"]
[EventType "swiss"]
[EventRounds "9"]
[EventCountry "ROU"]
[SourceTitle "CBM 221 Extra"]
[Source "ChessBase"]
[SourceDate "2024.09.30"]
[SourceVersion "1"]
[SourceVersionDate "2024.09.30"]
[SourceQuality "1"]

1. d4 Nf6 2. Bg5 Ne4 3. Bf4 d5 4. f3 Nd6 5. Nc3 c6 6. e4 Be6 7. e5 Nc8 8. Be3 Bd7 9. f4 e6 10. Nf3 Be7 11. Bd3 b5 12. Ng5 h6 13. Qh5 Bxg5 14. fxg5 Ne7 15. g6 Nf5 16. gxf7+ Kf8 17. Bxf5 exf5 18. g4 fxg4 19. Ne2 g5 20. Rf1 Be6 21. Rf6 Qe7 22. Qg6 Bxf7 23. Ng3 Ke8 24. Qg7 Rg8 25. Qxh6 Nd7 26. Nf5 Qb4+ 27. Bd2 Qxb2 28. Nd6+ Kd8 29. Nxf7+ Ke7 30. Rd1 Qxd4 31. Rf2 Qe4+ 32. Kf1 Rg6 33. Qh7 Qh1+ 34. Ke2 Qe4+ 35. Be3 Qxc2+ 36. Ke1 Nf8 37. Bxg5+ Kd7 38. Nd6+ Nxh7 39. Rf7+ 1-0